[Event "Xtracon Open 2018"]
[Site "Helsingor"]
[Date "2018.07.23"]
[Round "4"]
[White "O'Donnell, Tom"]
[Black "Skjoldager, Mikael"]
[Result "0-1"]
[WhiteElo "2332"]
[BlackElo "2057"]
[Annotator "NA"]
[PlyCount "84"]
[EventDate "2018.07.21"]
[EventType "swiss"]
[EventCountry "DEN"]
[SourceTitle "playchess.com"]
[Source "ChessBase"]
[SourceQuality "1"]

1. e4 e5 2. Nf3 Nc6 3. Bc4 Bc5 4. c3 Nf6 5. d3 a6 6. O-O Ba7 7. Nbd2 d6 8. Bb3 O-O 9. h3 h6 10. Re1 Qe7 11. Nf1 Be6 12. Ng3 Bxb3 13. axb3 Rad8 14. Nh4 Qe6 15. Qf3 Kh7 16. Ngf5 Ng8 17. Ne3 Nce7 18. Nhf5 g6 19. Nxe7 Nxe7 20. Ra4 c6 21. Ng4 f5 22. exf5 Nxf5 23. Qe2 h5 24. Ne3 Rd7 25. b4 Rdf7 26. Ra1 Nh4 27. Nd1 Rf3 28. Qf1 Qd5 29. Re4 Rxd3 30. Bh6 Rf7 31. Rxh4 Rxd1 32. Rxd1 Bxf2+ 33. Kh2 Bxh4 34. Qe2 Qe6 35. Be3 e4 36. Bd4 Bg5 37. Rf1 Rxf1 38. Qd2 Bh4 39. g3 Bxg3+ 40. Kg2 h4 41. b5 axb5 42. b4 e3 0-1

[Event "Xtracon Open 2018"]
[Site "Helsingor"]
[Date "2018.07.23"]
[Round "4"]
[White "Tryggestad, Andreas Garberg"]
[Black "Mejvik, Jacob"]
[Result "1-0"]
[WhiteElo "2302"]
[BlackElo "2099"]
[Annotator "NA"]
[PlyCount "83"]
[EventDate "2018.07.21"]
[EventType "swiss"]
[EventCountry "DEN"]
[SourceTitle "playchess.com"]
[Source "ChessBase"]
[SourceQuality "1"]

1. Nf3 d5 2. g3 Nf6 3. Bg2 e6 4. O-O Bd6 5. c4 Nc6 6. b3 O-O 7. Bb2 e5 8. cxd5 Nxd5 9. d3 Be6 10. Nbd2 f6 11. d4 Nxd4 12. Nxd4 exd4 13. Bxd4 c6 14. Ne4 Be7 15. Nc5 Bc8 16. Rc1 Rb8 17. Qd3 Qe8 18. e4 Nc7 19. Qe3 b6 20. Nd3 c5 21. Bb2 Ne6 22. Rfd1 Qf7 23. f4 Rd8 24. f5 Nd4 25. Nf4 Ba6 26. Bf1 Bxf1 27. Kxf1 g5 28. Nd5 Nc6 29. h4 h6 30. hxg5 hxg5 31. Kg2 Nd4 32. Bxd4 Rxd5 33. exd5 cxd4 34. Qe6 Bc5 35. b4 Bxb4 36. Rc7 Qxe6 37. dxe6 Bc5 38. Rh1 Bf8 39. Rd7 Rc8 40. e7 Rc2+ 41. Kf3 Rc3+ 42. Ke4 1-0

[Event "Xtracon Open 2018"]
[Site "Helsingor"]
[Date "2018.07.23"]
[Round "4"]
[White "Berg, Olaf"]
[Black "Larsen, Ulrik"]
[Result "1-0"]
[WhiteElo "2226"]
[BlackElo "2011"]
[Annotator "NA"]
[PlyCount "36"]
[EventDate "2018.07.21"]
[EventType "swiss"]
[EventCountry "DEN"]
[SourceTitle "playchess.com"]
[Source "ChessBase"]
[SourceQuality "1"]

1. d4 Nf6 2. Nf3 g6 3. g3 Bg7 4. Bg2 O-O 5. O-O d6 6. Nbd2 Nc6 7. b3 a5 8. Bb2 a4 9. c4 a3 10. Bc3 e5 11. e3 e4 12. Ng5 d5 13. Qc2 b5 14. cxd5 Nxd5 15. Ndxe4 f5 16. Nc5 Re8 17. b4 f4 18. Qb3 Nb8 1-0

[Event "Xtracon Open 2018"]
[Site "Helsingor"]
[Date "2018.07.23"]
[Round "4"]
[White "Roseneck, Jonas"]
[Black "Preuss, Flemming"]
[Result "1-0"]
[WhiteElo "2182"]
[BlackElo "1971"]
[Annotator "NA"]
[PlyCount "81"]
[EventDate "2018.07.21"]
[EventType "swiss"]
[EventCountry "DEN"]
[SourceTitle "playchess.com"]
[Source "ChessBase"]
[SourceQuality "1"]

1. e4 d6 2. d4 Nf6 3. Nc3 e5 4. dxe5 dxe5 5. Qxd8+ Kxd8 6. Bg5 Be6 7. O-O-O+ Nbd7 8. f4 exf4 9. Nf3 Be7 10. Bxf4 Ng4 11. Nb5 Nf2 12. Nxc7 Nxd1 13. Kxd1 Rc8 14. Nxe6+ fxe6 15. g3 Nf6 16. Bd3 h6 17. Kc1 Ng4 18. Bb5 Nf2 19. Rf1 Bc5 20. b4 Bb6 21. Ne5 g5 22. Nf7+ Ke7 23. Nxh8 Rxh8 24. Be5 Rc8 25. Kb2 a6 26. Bd3 Rd8 27. Kb3 Be3 28. Bc3 g4 29. Re1 Bd4 30. Bxd4 Rxd4 31. Kc3 e5 32. Re2 Nh3 33. a3 h5 34. Kd2 Ng5 35. Ke3 Rd6 36. Rf2 Rf6 37. Rxf6 Kxf6 38. c3 Ke6 39. a4 Kd6 40. a5 Nf3 41. h4 1-0

[Event "Xtracon Open 2018"]
[Site "Helsingor"]
[Date "2018.07.23"]
[Round "4"]
[White "Christiansen, Jens Jorgen"]
[Black "Baum, Bernd"]
[Result "*"]
[WhiteElo "2086"]
[BlackElo "2280"]
[Annotator "NA"]
[PlyCount "125"]
[EventDate "2018.07.21"]
[EventType "swiss"]
[EventCountry "DEN"]
[SourceTitle "playchess.com"]
[Source "ChessBase"]
[SourceQuality "1"]

1. d4 Nf6 2. c4 e6 3. Nf3 d5 4. e3 Nbd7 5. Bd3 c6 6. b3 Ne4 7. O-O f5 8. Bb2 Bd6 9. Ne5 O-O 10. f3 Ng5 11. f4 Ne4 12. Nd2 Ndf6 13. Ndf3 Bd7 14. Qc1 Qe7 15. c5 Bc7 16. Bc3 Kh8 17. Be1 Be8 18. Bh4 Rg8 19. Ng5 h6 20. Nxe4 dxe4 21. Be2 g5 22. Bg3 Nd5 23. Bc4 gxf4 24. Bxf4 Nxf4 25. Rxf4 Bh5 26. Qb2 Rg5 27. d5 Rxg2+ 28. Kxg2 Qg7+ 29. Ng6+ Bxg6 30. Qxg7+ Kxg7 31. d6 e5 32. dxc7 exf4 33. Be6 fxe3 34. c8=Q Rxc8 35. Bxc8 f4 36. Bg4 Kf6 37. h4 Bf7 38. Kf1 f3 39. Re1 e2+ 40. Kf2 Ke5 41. Bxf3 exf3 42. Kxf3 Bh5+ 43. Ke3 Kd5 44. Rc1 Bg4 45. Kd2 Ke4 46. Rc3 Kf4 47. b4 Bh5 48. a4 a6 49. Re3 Bg4 50. Re7 Kg3 51. Rxb7 Kxh4 52. Re7 Kg3 53. b5 cxb5 54. axb5 axb5 55. Rxe2 h5 56. Re3+ Kg2 57. Re4 Bf3 58. Re6 h4 59. Ke3 Ba8 60. Rg6+ Kh2 61. c6 h3 62. c7 Bb7 63. Rb6 *

[Event "Xtracon Open 2018"]
[Site "Helsingor"]
[Date "2018.07.23"]
[Round "4"]
[White "Christiansen, Arne"]
[Black "Heimisson, Hilmir Freyr"]
[Result "0-1"]
[WhiteElo "2032"]
[BlackElo "2241"]
[Annotator "NA"]
[PlyCount "92"]
[EventDate "2018.07.21"]
[EventType "swiss"]
[EventCountry "DEN"]
[SourceTitle "playchess.com"]
[Source "ChessBase"]
[SourceQuality "1"]

1. d4 Nf6 2. Nf3 c5 3. d5 e6 4. c4 b5 5. Bg5 h6 6. Bxf6 Qxf6 7. Qd2 exd5 8. cxd5 d6 9. e4 a6 10. Be2 Be7 11. O-O O-O 12. Re1 Bg4 13. Nc3 Bxf3 14. Bxf3 Nd7 15. a4 bxa4 16. Rxa4 Nb6 17. Ra2 Qe5 18. Rea1 Rab8 19. Qe2 Bf6 20. Rxa6 Qd4 21. R6a2 Qb4 22. Nd1 Rfe8 23. Ne3 g6 24. g3 Qb3 25. Qd1 Nd7 26. Qxb3 Rb7 27. Kg2 Rxb3 28. Bd1 Nb6 29. f3 Rb4 30. Be2 Rd4 31. Kf1 Rd2 32. Ra6 Bd4 33. Nd1 Rxb2 34. Rc1 Rb3 35. Ra2 Rb8 36. Rac2 Na4 37. Bc4 Rxf3+ 38. Kg2 Ra3 39. Nf2 Re3 40. Re2 Rxe2 41. Bxe2 Rb2 42. Kf3 Nc3 43. Re1 Nxe2 44. Rxe2 Rxe2 45. Kxe2 Bxf2 46. Kxf2 Kg7 0-1

[Event "Xtracon Open 2018"]
[Site "Helsingor"]
[Date "2018.07.24"]
[Round "5"]
[White "Tari, Aryan"]
[Black "Thybo, Jesper Sondergaard"]
[Result "*"]
[WhiteElo "2615"]
[BlackElo "2497"]
[Annotator "TA"]
[PlyCount "47"]
[EventDate "2018.07.21"]
[EventType "swiss"]
[EventCountry "DEN"]
[SourceTitle "playchess.com"]
[Source "ChessBase"]
[SourceQuality "1"]

1. d4 Nf6 2. Nf3 e6 3. c4 Bb4+ 4. Bd2 a5 5. g3 b6 6. Bg2 Bb7 7. O-O O-O 8. Bf4 Be7 9. Nc3 Ne4 10. Qc2 Nxc3 11. Qxc3 d6 12. Rfe1 Be4 13. Qe3 Bb7 14. Qd3 Nc6 15. e4 Bf6 16. Be3 e5 17. Rad1 exd4 18. Nxd4 Nxd4 19. Bxd4 Bxd4 20. Qxd4 f6 21. f4 Qe8 22. b3 Qf7 23. Rd2 Rfe8 24. Rde2 *

[Event "Xtracon Open 2018"]
[Site "Helsingor"]
[Date "2018.07.24"]
[Round "5"]
[White "Bosiocic, Marin"]
[Black "Bjerre, Jonas Buhl"]
[Result "*"]
[WhiteElo "2589"]
[BlackElo "2436"]
[Annotator "TA RC"]
[PlyCount "39"]
[EventDate "2018.07.21"]
[EventType "swiss"]
[EventCountry "DEN"]
[SourceTitle "playchess.com"]
[Source "ChessBase"]
[SourceQuality "1"]

1. e4 e5 2. Nf3 Nc6 3. Bb5 a6 4. Ba4 Nf6 5. O-O Be7 6. Re1 b5 7. Bb3 d6 8. c3 O-O 9. h3 Nb8 10. d4 Nbd7 11. c4 c6 12. Nc3 Qc7 13. a3 Nb6 14. c5 dxc5 15. dxe5 Ne8 16. Ne2 g6 17. Bf4 c4 18. Bc2 Qb7 19. Qc1 Ng7 20. Ng3 *

[Event "Xtracon Open 2018"]
[Site "Helsingor"]
[Date "2018.07.24"]
[Round "5"]
[White "Agdestein, Simen"]
[Black "Holm, Kristian Stuvik"]
[Result "1-0"]
[WhiteElo "2581"]
[BlackElo "2453"]
[Annotator "TA"]
[PlyCount "93"]
[EventDate "2018.07.21"]
[EventType "swiss"]
[EventCountry "DEN"]
[SourceTitle "playchess.com"]
[Source "ChessBase"]
[SourceQuality "1"]

1. c4 Nf6 2. Nc3 e6 3. d4 Bb4 4. e3 O-O 5. Bd3 c5 6. Nf3 d5 7. cxd5 cxd4 8. Nxd4 e5 9. Nde2 Qxd5 10. O-O Qe6 11. a3 Be7 12. Ng3 g6 13. Qe2 Qb6 14. b4 Bg4 15. f3 Be6 16. Bb2 Nbd7 17. Na4 Qd8 18. Ne4 Rc8 19. Rac1 Rxc1 20. Rxc1 Qb8 21. Nac5 Nxc5 22. Nxc5 Bxc5 23. Rxc5 Nd7 24. Rc2 Rc8 25. a4 Rxc2 26. Qxc2 Qd6 27. Qc3 Kg7 28. a5 f6 29. Ba3 Qd5 30. e4 Qb3 31. Qxb3 Bxb3 32. b5 g5 33. Kf2 Kg6 34. Ke3 Kf7 35. Kd2 Be6 36. g4 Bb3 37. Be2 Be6 38. Kc3 Ba2 39. Kb2 Be6 40. Bd6 Ke8 41. Kc3 Kf7 42. a6 b6 43. Bc4 Bxc4 44. Kxc4 Ke6 45. Bc7 h6 46. h3 Nf8 47. Bxb6 1-0

[Event "Xtracon Open 2018"]
[Site "Helsingor"]
[Date "2018.07.24"]
[Round "5"]
[White "Ni, Shiqun"]
[Black "Moradiabadi, Elshan"]
[Result "0-1"]
[WhiteElo "2435"]
[BlackElo "2538"]
[Annotator "TA"]
[PlyCount "152"]
[EventDate "2018.07.21"]
[EventType "swiss"]
[EventCountry "DEN"]
[SourceTitle "playchess.com"]
[Source "ChessBase"]
[SourceQuality "1"]

1. e4 c6 2. d4 d5 3. exd5 cxd5 4. Bd3 Nc6 5. c3 Qc7 6. Ne2 e6 7. Bf4 Bd6 8. g3 Nge7 9. Nd2 Bd7 10. Bxd6 Qxd6 11. f4 f6 12. Nf3 O-O 13. O-O Be8 14. Qd2 Bh5 15. Kg2 Rae8 16. Rae1 Bg4 17. Neg1 Qd7 18. Qc2 Bf5 19. Rf2 Nc8 20. Nd2 Nd6 21. Ngf3 Rc8 22. a3 Qf7 23. Rfe2 Rfd8 24. Kg1 Rd7 25. Re3 b6 26. Qd1 Re7 27. Kg2 Rce8 28. h3 Bxd3 29. Rxd3 Qg6 30. Nf1 Nc4 31. Re2 e5 32. dxe5 fxe5 33. fxe5 N6xe5 34. Rxd5 Qc6 35. b3 Nxa3 36. c4 b5 37. Nxe5 Rxe5 38. Rexe5 Rxe5 39. Kg1 Rxd5 40. cxd5 Qc5+ 41. Kh1 Nc2 42. Qh5 Qe7 43. d6 Qe4+ 44. Kg1 Ne1 45. Kf2 Nd3+ 46. Kg1 a6 47. Qg5 Qd4+ 48. Ne3 Qxd6 49. Kh2 h6 50. Qg4 Qe5 51. Qc8+ Kh7 52. Ng2 Nb4 53. Qf8 Qe4 54. h4 Nd3 55. Qc8 Ne5 56. Nf4 a5 57. h5 a4 58. bxa4 bxa4 59. Qf8 Ng4+ 60. Kg1 Nf6 61. Qa3 Qb1+ 62. Kg2 Qc2+ 63. Kh3 Qf5+ 64. Kg2 Qe4+ 65. Kg1 Qd4+ 66. Kg2 Ne4 67. Qf3 Ng5 68. Qa3 Qd2+ 69. Kf1 Qd1+ 70. Kg2 Qc2+ 71. Kf1 Ne4 72. Qe3 a3 73. Nd3 Nd2+ 74. Ke1 a2 75. Qxd2 a1=Q+ 76. Ke2 Qad1+ 0-1

[Event "Xtracon Open 2018"]
[Site "Helsingor"]
[Date "2018.07.24"]
[Round "5"]
[White "Hoi, Carsten"]
[Black "Roseneck, Jonas"]
[Result "0-1"]
[WhiteElo "2389"]
[BlackElo "2182"]
[Annotator "NA"]
[PlyCount "102"]
[EventDate "2018.07.21"]
[EventType "swiss"]
[EventCountry "DEN"]
[SourceTitle "playchess.com"]
[Source "ChessBase"]
[SourceQuality "1"]

1. d4 Nf6 2. c4 e6 3. Nc3 Bb4 4. e3 O-O 5. Bd3 d5 6. Nge2 b6 7. O-O Bb7 8. cxd5 exd5 9. a3 Bd6 10. Ng3 Re8 11. b4 Nbd7 12. Nf5 Bf8 13. Bb2 g6 14. Ng3 a6 15. Qb3 Bd6 16. Be2 h5 17. Bf3 Nf8 18. Nxd5 Bxd5 19. Bxd5 Nxd5 20. Qxd5 Bxg3 21. Qxd8 Bxf2+ 22. Kxf2 Raxd8 23. Rac1 Rd7 24. Rc6 Re4 25. Rfc1 Ne6 26. Kf3 f5 27. a4 g5 28. g3 Rd5 29. Bc3 Rd6 30. Rxd6 cxd6 31. Bb2 Kf7 32. Rc6 Ke7 33. Rxb6 Nc7 34. Bc1 Kd7 35. Bd2 g4+ 36. Kf2 Re6 37. d5 Re5 38. Bc3 Rxe3 39. Bg7 Rd3 40. Bh6 Rxd5 41. Bf4 Rd4 42. a5 h4 43. Ke3 Ne6 44. Rb7+ Kc8 45. Re7 Re4+ 46. Kf2 Nxf4 47. Rxe4 Nd3+ 48. Ke3 fxe4 49. gxh4 d5 50. h5 Ne5 51. h6 Ng6 0-1

[Event "Xtracon Open 2018"]
[Site "Helsingor"]
[Date "2018.07.24"]
[Round "5"]
[White "Lammers, Markus"]
[Black "Johansen, Oivind"]
[Result "1-0"]
[WhiteElo "2293"]
[BlackElo "2105"]
[Annotator "NA"]
[PlyCount "81"]
[EventDate "2018.07.21"]
[EventType "swiss"]
[EventCountry "DEN"]
[SourceTitle "playchess.com"]
[Source "ChessBase"]
[SourceQuality "1"]

1. d4 Nf6 2. c4 c5 3. Nf3 e6 4. Nc3 d5 5. cxd5 exd5 6. g3 Nc6 7. Bg2 Be7 8. O-O O-O 9. dxc5 Bxc5 10. Na4 Be7 11. Be3 Be6 12. Nd4 Nxd4 13. Bxd4 Qa5 14. Qb3 Rac8 15. Rfd1 Rfd8 16. Qb4 Kf8 17. Qxb7 Rc7 18. Nc3 Qb4 19. Qxb4 Bxb4 20. Nb5 Rc2 21. Nxa7 Rd7 22. a4 Bc5 23. Bxc5+ Rxc5 24. Nb5 Rc2 25. a5 Rxb2 26. a6 Rxb5 27. a7 Rxa7 28. Rxa7 g6 29. Ra2 Rb4 30. Rc2 Ra4 31. Rb2 Rc4 32. h4 h5 33. f3 Rc6 34. Kh2 Ra6 35. Bh3 Bxh3 36. Kxh3 Ra3 37. Kg2 Rc3 38. Kf2 Ra3 39. Rb7 Ra5 40. Rc1 Ne8 41. Rc8 1-0

[Event "Xtracon Open 2018"]
[Site "Helsingor"]
[Date "2018.07.24"]
[Round "5"]
[White "Debarshi, Mukherjee"]
[Black "Quinn, David"]
[Result "1-0"]
[WhiteElo "2292"]
[BlackElo "1987"]
[Annotator "NA"]
[PlyCount "136"]
[EventDate "2018.07.21"]
[EventType "swiss"]
[EventCountry "DEN"]
[SourceTitle "playchess.com"]
[Source "ChessBase"]
[SourceQuality "1"]

1. d4 d5 2. c4 e6 3. Nf3 Nf6 4. Bg5 Be7 5. Qc2 O-O 6. e3 h6 7. Bxf6 Bxf6 8. h4 g6 9. g4 Bg7 10. g5 h5 11. Nc3 b6 12. O-O-O Bb7 13. Ne5 dxc4 14. Rg1 Nc6 15. Nxc6 Bxc6 16. Bxc4 Bf3 17. Rd2 Bd5 18. Ba6 Bc6 19. Kb1 Rb8 20. Bd3 Qd6 21. f4 b5 22. Ne2 b4 23. Rc1 Rb6 24. b3 Rc8 25. Ng3 Bb5 26. Bxb5 Rxb5 27. Qc6 Qxc6 28. Rxc6 Bf8 29. Rdc2 Rb7 30. Ne4 Be7 31. Nd2 Kf8 32. Nc4 Rd8 33. Kc1 Bd6 34. Kd2 Ke8 35. Kd3 Kd7 36. Nd2 Rb6 37. R6c4 Rb7 38. Ne4 Be7 39. Rc6 Ra8 40. Nd2 Bd6 41. Ke2 Rb6 42. R6c4 a5 43. Ne4 Ra7 44. Nc5+ Bxc5 45. dxc5 Rc6 46. Rd4+ Ke7 47. Kd3 Ra8 48. Kc4 Rca6 49. Rcd2 R6a7 50. c6 Rb8 51. Kd3 Rb6 52. Rc2 Ke8 53. Ke4 Raa6 54. Rcd2 Rb8 55. Rc4 Rbb6 56. Rd7 Rxc6 57. Rxc7 Rd6 58. R4c5 Rd2 59. Rb7 Rd7 60. Rcb5 Rd2 61. Rb8+ Kd7 62. R5b7+ Kc6 63. Rxf7 Rxa2 64. Re8 Kc5 65. Rc7+ Kb5 66. Rb8+ Rb6 67. Rxb6+ Kxb6 68. f5 gxf5+ 1-0

[Event "Xtracon Open 2018"]
[Site "Helsingor"]
[Date "2018.07.24"]
[Round "5"]
[White "Haugli, Petter"]
[Black "Mu, Ke"]
[Result "0-1"]
[WhiteElo "2231"]
[BlackElo "2455"]
[Annotator "TA"]
[PlyCount "65"]
[EventDate "2018.07.21"]
[EventType "swiss"]
[EventCountry "DEN"]
[SourceTitle "playchess.com"]
[Source "ChessBase"]
[SourceQuality "1"]

1. c4 Nf6 2. Nc3 g6 3. e4 d6 4. d4 Bg7 5. Be2 O-O 6. Bg5 c6 7. Qd2 a6 8. Nf3 b5 9. a3 bxc4 10. Bxc4 d5 11. Bd3 dxe4 12. Nxe4 Bg4 13. Nxf6+ exf6 14. Be3 Bxf3 15. gxf3 f5 16. Bc4 Nd7 17. O-O Nb6 18. Ba2 Nd5 19. f4 Re8 20. Rfe1 Qd6 21. Rac1 Rad8 22. Red1 Bh6 23. Bxd5 Qxd5 24. Rc3 Rd6 25. Rdc1 Bg7 26. Rc5 Qf3 27. R5c3 Ree6 28. Qd1 Qd5 29. Rc5 Qe4 30. Qc2 Qf3 31. Rc3 Qg4+ 32. Kh1 Bxd4 33. Qd1 0-1

[Event "Xtracon Open 2018"]
[Site "Helsingor"]
[Date "2018.07.24"]
[Round "5"]
[White "Petersen, Steen"]
[Black "Buchenau, Frank"]
[Result "*"]
[WhiteElo "2111"]
[BlackElo "2275"]
[Annotator "NA"]
[PlyCount "70"]
[EventDate "2018.07.21"]
[EventType "swiss"]
[EventCountry "DEN"]
[SourceTitle "playchess.com"]
[Source "ChessBase"]
[SourceQuality "1"]

1. d4 Nf6 2. Bg5 Ne4 3. Bf4 d5 4. f3 Nd6 5. Nc3 e6 6. e4 c6 7. Qd2 b5 8. Nh3 Nc4 9. Bxc4 bxc4 10. O-O Be7 11. Qf2 Nd7 12. exd5 cxd5 13. Nb5 e5 14. dxe5 O-O 15. Kh1 Nc5 16. Be3 Ne6 17. Rad1 Qa5 18. Nc3 Rd8 19. f4 f5 20. Ng1 d4 21. Bxd4 Bb7 22. Be3 Qb4 23. Nce2 Bc6 24. b3 a5 25. Nd4 Nxd4 26. Bxd4 Rac8 27. Ne2 Bb5 28. Be3 Qa3 29. Nd4 Ba6 30. Nxf5 cxb3 31. Qg3 g6 32. Nh6+ Kf8 33. Rxd8+ Rxd8 34. f5 Bxf1 35. fxg6 hxg6 *

[Event "Xtracon Open 2018"]
[Site "Helsingor"]
[Date "2018.07.24"]
[Round "5"]
[White "Jessen, Alexander"]
[Black "Le Goff, Ronan"]
[Result "0-1"]
[WhiteElo "2071"]
[BlackElo "2295"]
[Annotator "NA"]
[PlyCount "68"]
[EventDate "2018.07.21"]
[EventType "swiss"]
[EventCountry "DEN"]
[SourceTitle "playchess.com"]
[Source "ChessBase"]
[SourceQuality "1"]

1. d4 Nf6 2. c4 e6 3. Nc3 Bb4 4. e3 O-O 5. Bd3 d5 6. Nge2 dxc4 7. Bxc4 e5 8. d5 c6 9. O-O b5 10. Bd3 Bxc3 11. Nxc3 b4 12. Ne4 Nxe4 13. Bxe4 f5 14. Bf3 e4 15. dxc6 exf3 16. Qxd8 Rxd8 17. c7 Rd6 18. cxb8=Q Rxb8 19. g3 Ba6 20. Re1 Rc8 21. h3 Rc2 22. b3 Re2 23. Rf1 Rc6 24. a3 Ra2 25. Rxa2 Bxf1 26. Ra1 Bxh3 27. axb4 Rd6 28. Bb2 Bg2 29. Bxg7 Kxg7 30. Rxa7+ Kf8 31. Ra8+ Ke7 32. Ra7+ Kd8 33. Ra8+ Kc7 34. Ra1 Rh6 0-1

[Event "Xtracon Open 2018"]
[Site "Helsingor"]
[Date "2018.07.24"]
[Round "5"]
[White "Hakansson, Stefan"]
[Black "Ingvason, Johann"]
[Result "0-1"]
[WhiteElo "2019"]
[BlackElo "2189"]
[Annotator "NA"]
[PlyCount "84"]
[EventDate "2018.07.21"]
[EventType "swiss"]
[EventCountry "DEN"]
[SourceTitle "playchess.com"]
[Source "ChessBase"]
[SourceQuality "1"]

1. d4 d5 2. c4 c6 3. cxd5 cxd5 4. Nc3 Nc6 5. Bf4 e6 6. Nf3 Bd6 7. Bxd6 Qxd6 8. e3 f5 9. Bb5 Nge7 10. Ne5 O-O 11. f4 Bd7 12. O-O Be8 13. Rc1 Kh8 14. Kh1 Ng8 15. a3 Nf6 16. h3 a6 17. Bd3 b5 18. b4 Ne7 19. Qe2 Nc8 20. Nb1 Nb6 21. g4 g6 22. g5 Ng8 23. Nd2 Nc4 24. Ra1 Ne7 25. Nb3 Nc6 26. Nc5 Ra7 27. Kh2 N6xe5 28. dxe5 Nxe5 29. fxe5 Qxe5+ 30. Kg1 Qg3+ 31. Qg2 Qxe3+ 32. Kh2 Qe5+ 33. Kg1 Qd6 34. Rae1 e5 35. Qb2 Re7 36. Bb1 Bc6 37. Re2 d4 38. Be4 Be8 39. Bc2 Bf7 40. Rfe1 e4 41. Rd2 Qg3+ 42. Rg2 Qxe1+ 0-1

[Event "Xtracon Open 2018"]
[Site "Helsingor"]
[Date "2018.07.24"]
[Round "5"]
[White "Harders, Poul Erik"]
[Black "Larsen, Jens Evald"]
[Result "1-0"]
[WhiteElo "1693"]
[BlackElo "1433"]
[Annotator "NA"]
[PlyCount "73"]
[EventDate "2018.07.21"]
[EventType "swiss"]
[EventCountry "DEN"]
[SourceTitle "playchess.com"]
[Source "ChessBase"]
[SourceQuality "1"]

1. d4 d5 2. c4 e6 3. Nc3 Nf6 4. Bg5 Nbd7 5. cxd5 exd5 6. e3 c6 7. Bd3 Qa5 8. Nge2 Ne4 9. O-O Nxg5 10. f3 Bb4 11. Qc2 Nf6 12. a3 Bxc3 13. Nxc3 O-O 14. e4 g6 15. e5 Nd7 16. Qf2 Ne6 17. f4 f6 18. f5 fxe5 19. Qg3 Ng7 20. fxg6 e4 21. gxh7+ Kxh7 22. Rxf8 Nxf8 23. Be2 Bf5 24. Rf1 Rc8 25. Qh4+ Kg8 26. Qg5 Nfe6 27. Qf6 Rf8 28. Qe5 Qc7 29. Qxc7 Nxc7 30. Rd1 Bg6 31. b4 Nce6 32. b5 Nf5 33. bxc6 Nfxd4 34. cxb7 Nxe2+ 35. Nxe2 Bh5 36. Rc1 Rb8 37. Rc8+ 1-0

[Event "Xtracon Open 2018"]
[Site "Helsingor"]
[Date "2018.07.25"]
[Round "6"]
[White "Hammer, Jon Ludvig"]
[Black "Saric, Ivan"]
[Result "1-0"]
[WhiteElo "2631"]
[BlackElo "2689"]
[Annotator "TA"]
[PlyCount "88"]
[EventDate "2018.07.21"]
[EventType "swiss"]
[EventCountry "DEN"]
[SourceTitle "playchess.com"]
[Source "ChessBase"]
[SourceQuality "1"]

1. e4 c5 2. Nc3 d6 3. Nge2 Nf6 4. h3 Nc6 5. g4 d5 6. exd5 Nxd5 7. Bg2 Nxc3 8. dxc3 Qxd1+ 9. Kxd1 h5 10. gxh5 e5 11. Ng3 Be6 12. Ke2 O-O-O 13. Be3 f5 14. Bg5 Re8 15. h4 Kc7 16. Bh3 f4 17. Bxe6 Rxe6 18. Ne4 Rxh5 19. Rad1 Be7 20. Kf3 b6 21. Kg4 g6 22. Rh3 c4 23. Rhh1 Rh8 24. h5 Bxg5 25. Nxg5 gxh5+ 26. Rxh5 Ree8 27. Ne6+ Kc8 28. Rxh8 Rxh8 29. Kf5 Rh2 30. Rd2 b5 31. b4 a5 32. a3 axb4 33. axb4 Rh3 34. Rd6 Kb7 35. Nc5+ Kc7 36. Ne4 Rh4 37. Ke6 f3 38. Rd7+ Kb8 39. Kd5 Na7 40. Rf7 Nc8 41. Rxf3 Ne7+ 42. Kxe5 Ng6+ 43. Kd4 Nf4 44. Nd6 Nd3+ 1-0

[Event "Xtracon Open 2018"]
[Site "Helsingor"]
[Date "2018.07.25"]
[Round "6"]
[White "Hansen, Sune Berg"]
[Black "Bjerre, Jonas Buhl"]
[Result "1-0"]
[WhiteElo "2584"]
[BlackElo "2436"]
[Annotator "TA"]
[PlyCount "71"]
[EventDate "2018.07.21"]
[EventType "swiss"]
[EventCountry "DEN"]
[SourceTitle "playchess.com"]
[Source "ChessBase"]
[SourceQuality "1"]

1. d4 Nf6 2. c4 e6 3. Nc3 Bb4 4. e3 O-O 5. Bd3 d5 6. cxd5 exd5 7. Nge2 b6 8. O-O a5 9. Bd2 Ba6 10. Bc2 Bd6 11. f3 c5 12. Be1 cxd4 13. exd4 Qc7 14. Kh1 Nbd7 15. Bd3 Bxd3 16. Qxd3 Qc4 17. Qxc4 dxc4 18. Nb5 Be7 19. Nec3 Bb4 20. Bg3 Bxc3 21. Nxc3 Rfe8 22. Rfe1 Re6 23. Kg1 Rae8 24. Rxe6 Rxe6 25. Kf2 Kf8 26. Rc1 Rc6 27. Nb5 Nd5 28. a3 g5 29. Na7 c3 30. Nxc6 cxb2 31. Bd6+ Kg7 32. Re1 Nc3 33. Ke3 b1=Q 34. Rxb1 Nxb1 35. Kd3 Kf6 36. Nd8 1-0

[Event "Xtracon Open 2018"]
[Site "Helsingor"]
[Date "2018.07.25"]
[Round "6"]
[White "Moradiabadi, Elshan"]
[Black "Vitiugov, Nikita"]
[Result "1/2-1/2"]
[WhiteElo "2538"]
[BlackElo "2734"]
[Annotator "TA"]
[PlyCount "38"]
[EventDate "2018.07.21"]
[EventType "swiss"]
[EventCountry "DEN"]
[SourceTitle "playchess.com"]
[Source "ChessBase"]
[SourceQuality "1"]

1. d4 Nf6 2. c4 e6 3. Nf3 d5 4. Nc3 c6 5. Bg5 Nbd7 6. e3 Qa5 7. Nd2 Bb4 8. Qc2 O-O 9. Be2 e5 10. O-O exd4 11. Nb3 Qc7 12. Nxd4 dxc4 13. Bxc4 Bd6 14. h3 Be5 15. Nf3 Nb6 16. Nxe5 Qxe5 17. Bf4 Qe7 18. Bd3 Be6 19. Bg5 h6 1/2-1/2

[Event "Xtracon Open 2018"]
[Site "Helsingor"]
[Date "2018.07.25"]
[Round "6"]
[White "Dauth, Benjamin"]
[Black "Koellner, Christof"]
[Result "1/2-1/2"]
[WhiteElo "2325"]
[BlackElo "2105"]
[Annotator "NA"]
[PlyCount "151"]
[EventDate "2018.07.21"]
[EventType "swiss"]
[EventCountry "DEN"]
[SourceTitle "playchess.com"]
[Source "ChessBase"]
[SourceQuality "1"]

1. e4 e5 2. Bc4 Nc6 3. Nf3 Bc5 4. O-O Nf6 5. d3 d6 6. h3 a6 7. c3 O-O 8. b4 Ba7 9. a4 Be6 10. Nbd2 Bxc4 11. Nxc4 Ne7 12. Nh4 h6 13. Qf3 Nh7 14. Qg3 g5 15. Ne3 Bxe3 16. fxe3 Kh8 17. Nf3 Qd7 18. Qe1 a5 19. b5 f5 20. exf5 Qxf5 21. e4 Qe6 22. Kh2 Ng6 23. g3 Rf7 24. Be3 Raf8 25. Nd2 Rxf1 26. Nxf1 Qb3 27. Qc1 Qe6 28. Qd1 Nf6 29. Nd2 b6 30. Qb3 Qxb3 31. Nxb3 d5 32. Kg2 dxe4 33. dxe4 Nxe4 34. Rc1 Ne7 35. c4 Rd8 36. Kf3 Nf6 37. g4 Rd3 38. Nd2 Ra3 39. Ne4 Kg7 40. Nc3 Kf7 41. Ke2 Rb3 42. Rc2 Ke6 43. Kd3 Ng6 44. Rg2 Nf4+ 45. Bxf4 gxf4 46. Rc2 Kd6 47. Re2 f3 48. Rc2 f2 49. Ke2 Kc5 50. Kf1 Kd4 51. Rxf2 Rxc3 52. Rxf6 Rxh3 53. Rc6 Rf3+ 54. Ke2 Rf7 55. Rxh6 Kxc4 56. g5 Rg7 57. Rh4+ Kd5 58. Rg4 Ke6 59. Kf3 Kf5 60. Rc4 Rd7 61. g6 Kxg6 62. Ke4 Kf6 63. Rc6+ Rd6 64. Rxc7 Rd4+ 65. Ke3 Rxa4 66. Rc6+ Kf5 67. Rxb6 Ra3+ 68. Kd2 e4 69. Rb8 e3+ 70. Ke2 Ke4 71. Re8+ Kd4 72. Rd8+ Ke4 73. Re8+ Kd4 74. Rb8 Rb3 75. b6 Rxb6 76. Rxb6 1/2-1/2